| 000 | 01419nam a2200373 a 4500 | ||
|---|---|---|---|
| 001 | 000108913 | ||
| 003 | CHAP | ||
| 005 | 20220329144030.0 | ||
| 008 | 140319s2013 mx a sm |||||||spa d | ||
| 010 | _a105375 | ||
| 011 | _a106347 | ||
| 040 | _cCHAP | ||
| 090 | _aTesis | ||
| 100 | 1 |
_aOrtiz Romero, Constantino _9125993 |
|
| 245 | 1 | 0 |
_aDiseño y construcción de un módulo eletrico de inyección _h[En línea] _cpor Constantino Ortiz Romero. |
| 260 |
_aChapingo, Méx. : _bEl autor., _c2013. |
||
| 500 | _aPara ver el contenido del material haga clic en la liga | ||
| 502 | _aTesis (Ing. Agr. Esp. en Mecánica Agrícola) -- UACH. Departamento de Ingeniería Mecánica Agrícola | ||
| 590 |
_aBATCH-UPD _b05 _c20140320 _lUCH01 _h0945 |
||
| 590 |
_aBATCH-UPD _b05 _c20140324 _lUCH01 _h1536 |
||
| 590 |
_aBATCH-UPD _b05 _c20141002 _lUCH01 _h0858 |
||
| 590 |
_aE5652GLJ _b05 _c20140319 _lUCH01 _h1447 |
||
| 590 |
_aE5652GLJ _b05 _c20140319 _lUCH01 _h1448 |
||
| 590 |
_aE5652GLJ _b05 _c20140320 _lUCH01 _h0944 |
||
| 590 |
_aE5652GLJ _b05 _c20141029 _lUCH01 _h1159 |
||
| 650 | 1 | 4 |
_aDiseño de circuitos electrónicos. _9126004 |
| 650 | 1 | 4 |
_aInyectores _xEvaluación. _9126003 |
| 650 | 1 | 4 |
_aMotores de combustión interna _xEncendido. _9126005 |
| 700 | 1 |
_aVargas Carrillo, Erik Esteban _9125994 |
|
| 856 |
_aFinding aid _uhttp://10.13.5.2/tesis/sist108913.pdf _zTeclea aquí |
||
| 901 | _aBK | ||
| 942 | _cTESIS | ||
| 942 | _n0 | ||
| 999 |
_c105375 _d105375 |
||